Código de comercio español de 22 de agosto de 1885 : (Record no. 148548)
[ view plain ]
| 000 -LEADER | |
|---|---|
| fixed length control field | nam a22 7a 4500 |
| 005 - DATE AND TIME OF LATEST TRANSACTION | |
| control field | 20190517090823.0 |
| 008 - FIXED-LENGTH DATA ELEMENTS--GENERAL INFORMATION | |
| fixed length control field | 190516b sp ||||| |||| 00| 0 spa d |
| 050 04 - LIBRARY OF CONGRESS CALL NUMBER | |
| Classification number | KKT914.31885 |
| Item number | C63 1954 |
| 110 1# - MAIN ENTRY--CORPORATE NAME | |
| Corporate name or jurisdiction name as entry element | España |
| 240 00 - UNIFORM TITLE | |
| Uniform title | Leyes y códigos |
| 245 00 - TITLE STATEMENT | |
| Title | Código de comercio español de 22 de agosto de 1885 : |
| Remainder of title | / con las variantes introducidas hasta junio de 1954, anotado y seguido de un repertorio alfabético de materias y un extenso apéndice |
| Statement of responsibility, etc | / |
| 250 ## - EDITION STATEMENT | |
| Edition statement | Cuarta edición |
| 260 ## - PUBLICATION, DISTRIBUTION, ETC. (IMPRINT) | |
| Place of publication, distribution, etc | Madrid : |
| Name of publisher, distributor, etc | Instituto Editorial Reus : |
| -- | Centro de Enseñanza y Publicaciones, |
| Date of publication, distribution, etc | 1954 |
| 300 ## - PHYSICAL DESCRIPTION | |
| Extent | 455 páginas ; |
| Dimensions | 13 cm. |
| 500 ## - GENERAL NOTE | |
| General note | Incluye índice |
| 650 #7 - SUBJECT ADDED ENTRY--TOPICAL TERM | |
| Source of heading or term | lemb |
| Topical term or geographic name as entry element | Derecho mercantil |
| General subdivision | Legislación |
| Geographic subdivision | España |
| 942 ## - ADDED ENTRY ELEMENTS (KOHA) | |
| Source of classification or shelving scheme | Biblioteca del Cogreso de los Estados Unidos |
| Koha item type | Libro |
| Estado de pérdida | Fuente de clasificación | Estado del daño | No para préstamo | Ubicación permanente | Ubicación actual | Apartado o colección | Fecha de adquisición | Edición | Enumeración de Serie / Cronológica | Dependencia de educación superior (DES) | Área del conocimiento | Clasificación | Código de Barras | Date last seen | Número de copia | Tipo de recurso |
|---|---|---|---|---|---|---|---|---|---|---|---|---|---|---|---|---|
| Biblioteca del Cogreso de los Estados Unidos | Biblioteca de la Facultad de Derecho y Ciencias Sociales "Felipe J. Tena" | Biblioteca de la Facultad de Derecho y Ciencias Sociales "Felipe J. Tena" | Consulta | 16/05/2019 | 4a ed. | BFD000011291 | Derecho | Ciencias Sociales y Administrativas | KKT914.31885 C63 1954 | BFD000011291 | 16/05/2019 | 1 | Libro |